Statistics for Guess the dog breed 2

Click here to take the quiz!

General Stats

  • This quiz has been taken 21 times
  • The average score is 4 of 8

Answer Stats

QuestionAnswer% Correct
Which dog is an Akita Inu
67%
Which dog is a Weimaraner
61%
Which dog is Australian Cattle Dog
61%
Which dog is a Boston terrier
56%
Which dog is a Flat-Coated Retrever
50%
Which dog is a Dogue De Bordeaux
44%
Which dog is a Ausky
17%
Which dog is a affenpinsher
11%

Score Distribution

Percentile by Number Answered

Percent of People with Each Score

Your Score History

You have not taken this quiz